| 000 | 00563nam a22001817a 4500 | ||
|---|---|---|---|
| 003 | 0 | ||
| 005 | 20251001160952.0 | ||
| 008 | 251001b xxu||||| |||| 00| 0 eng d | ||
| 020 | _a978-1-138-57687-2 | ||
| 050 |
_aGN 502 _b.T38 2025 |
||
| 100 |
_aTateo, Luca, _eauthor. |
||
| 245 |
_aFundamentals of cultural psychology / _cLuca Tateo. |
||
| 260 |
_aNew York, NY : _bRoutledge, _c2025. |
||
| 300 |
_ax, 157 pages : _billustrations ; _c25 cm. |
||
| 504 | _aIncludes bibliographical references and index. | ||
| 650 |
_aEthnopsychology _vTextbooks. |
||
| 942 |
_2lcc _cBK |
||
| 999 |
_c368179 _d368179 |
||